000 00289nam a22001457a 4500
003 SGT
082 _a616.07
_bC18K
100 _aKHARI, POOJA
245 _aCOMPARATIVE STUDY BETWEEN
250 _a1ST
260 _aSGTU
_c2018
300 _a90
650 _aPATHOLOGY
942 _2ddc
_cTH
999 _c20518
_d20518